Одісея Роберта Кендюка: Вибрані твори (Запис № 17533)
[ простий вигляд ]
| 000 -Маркер запису | |
|---|---|
| Контрольне поле сталої довжини | 02298nam a22002537a 4500 |
| 003 - Належність контрольного номера | |
| Контрольне поле | Uzh_bibl |
| 008 - Кодовані дані | |
| Контрольне поле сталої довжини | 260427b |||||||| |||| 00| 0 ukr d |
| 020 ## - Індекс ISBN | |
| Ціна | 3.50 |
| 040 ## - Джерело каталогіз. | |
| Служба первин.кат. | укр. |
| 041 ## - Код мови видання | |
| Код мови оригіналу | українська |
| Код мови тексту | українська |
| 080 ## - Індекс УДК | |
| Індекс УДК | 821(477) |
| 090 ## - Шифри | |
| Поличний індекс | 821(477) |
| Авторський знак | Н 50 |
| 100 ## - Автор | |
| Автор | Немирович, Іван |
| 245 ## - Назва | |
| Назва | Одісея Роберта Кендюка: Вибрані твори |
| Відповідальність | Передм. А. Шевченка |
| Фізичний носій | Текст |
| 260 ## - Вихідні дані | |
| Місце видання | Київ |
| Видавництво | Дніпро |
| Дата видання | 1987 |
| 300 ## - Фізичний опис | |
| Обсяг | 502 с. |
| Тип одиниці | В опр. |
| 520 ## - Анотація | |
| Анотація | Книгу вибраних творів українського письменника Івана Немировича (1928—1986) складають лірично-гумористичні повісті «А все через неї...» (про невигадані пригоди концертної бригади в перші повоєнні роки), «Як Комар морякував» (про службу матроську); у сатиричних повістях «На круги своя» та «До легкого хліба» викриваються шахраї на ниві мистецтва. «Одіссея Роберта Кендюха» —пародія на недолугу літературну фантастику. До окремого розділу ввійшли кращі гуморески, усмішки, фейлетони, дивні історії, кололітературні придибенції. |
| 521 ## - Примітка про цільове призначення | |
| Примітка про цільове призначення | Для широкого кола читачів |
| 546 ## - Примітка про мову | |
| Примітка про мову | укр. |
| 650 ## - Тематичні рубрики | |
| Типове ділення | Літературно-художнє видання |
| Хронологічна підрубрика | ХХ століття, переважно сучасний автору період |
| Географічна підрубрика | Події розгортаються в різних місцях (Україна та інші країни/простори, пов’язані з мандрами героя) |
| 653 ## - Ключові слова | |
| Ключові слова | Мандри |
| -- | Пригоди |
| -- | Іронія |
| -- | Пошук |
| -- | Людина |
| 655 ## - Термін індексування — жанр/форма | |
| Жанр/форма | Пригодницько-сатирична проза (повість/оповідання у складі вибраних творів) |
| Типове ділення | Повісті. Гуморески. Оповідки.Невигадані історії. Фейлетони. |
| 942 ## - ADDED ENTRY ELEMENTS (KOHA) | |
| Джерело класифікації чи схема поличного розташування | |
| Koha item type | Книги |
| Статус вилучення | Статус втрати/відсутності | Джерело класифікації чи схема поличного розташування | Статус пошкодження | Тип обігу (не для випозичання) | Постійне розташування | Поточне розташування | Розташування у відділі | Дата надходження | Інвентарний номер | Total Checkouts | Повний (примірниковий) шифр зберігання | Штрих-код | Date last seen | Дата, для якої чинна ціна заміни | Тип одиниці (рівень примірника) |
|---|---|---|---|---|---|---|---|---|---|---|---|---|---|---|---|
| Публічна бібліотека | Публічна бібліотека | Абонемент | 27/04/2026 | 49338 | 821(477) | 20316 | 27/04/2026 | 27/04/2026 | Книги |